Luyện tập và tự kiểm tra, đánh giá theo chuẩn kiến thức, kĩ năng sinh học 12
Nội dung sách giới thiệu những baìo tập cơ bản, bám sát kiến thức của sách giáo khoa, các bài tập này có chất lượng cao, mở rộng phát huy tích cực và tinh thần học tập của học sinh.
Sparad:
| Huvudupphovsman: | |
|---|---|
| Materialtyp: | Bok |
| Språk: | Undetermined |
| Publicerad: |
Hà Nội
Giáo dục Việt Nam
2010
|
| Ämnen: | |
| Taggar: |
Lägg till en tagg
Inga taggar, Lägg till första taggen!
|
| Thư viện lưu trữ: | Trung tâm Học liệu Trường Đại học Cần Thơ |
|---|
| LEADER | 00999nam a2200217Ia 4500 | ||
|---|---|---|---|
| 001 | CTU_190906 | ||
| 008 | 210402s9999 xx 000 0 und d | ||
| 020 | |c 33500 | ||
| 082 | |a 570.712 | ||
| 082 | |b H401 | ||
| 100 | |a Nguyễn, Thu Hòa | ||
| 245 | 0 | |a Luyện tập và tự kiểm tra, đánh giá theo chuẩn kiến thức, kĩ năng sinh học 12 | |
| 245 | 0 | |c Nguyễn Thu Hòa | |
| 260 | |a Hà Nội | ||
| 260 | |b Giáo dục Việt Nam | ||
| 260 | |c 2010 | ||
| 520 | |a Nội dung sách giới thiệu những baìo tập cơ bản, bám sát kiến thức của sách giáo khoa, các bài tập này có chất lượng cao, mở rộng phát huy tích cực và tinh thần học tập của học sinh. | ||
| 650 | |a Biology,Sinh học | ||
| 650 | |x Study and teaching (secondary),Học và giảng dạy (trung học) | ||
| 904 | |i Tuyến | ||
| 980 | |a Trung tâm Học liệu Trường Đại học Cần Thơ | ||